000 00646nam a2200193Ia 4500
005 20250508155801.0
008 008 250505s9999 xx 000 0 eng d
037 _aDissertations
040 _aFEDL
_beng
_cFEDL
041 _aeng
_2eng
084 _a155.5, CHA/DI
_qFEDL
100 _aChawla Anita
_9564764
245 0 _aComparative study of problems, social adjustment, norms and reactions to frustration of adolescent girls from joint families and nuclear families
260 _c1976
300 _av,181p.
546 _aM. Ed. Dissertation (Delhi University)
942 _cDIS
_h155.5, CHA/DI
999 _c1359277
_d1359277